|
|
|
|
| LEADER |
00877nam a22002177a 4500 |
| 001 |
30604 |
| 003 |
BD-DhAAL |
| 005 |
20241121110453.0 |
| 008 |
151231s1990 bg ||||| |||| 00| 0 eng d |
| 040 |
|
|
|a BD-DhAAL
|c BD-DhAAL
|
| 082 |
|
|
|2 22
|a 631.2
|
| 245 |
|
|
|a BRAC's poultry program.
|
| 260 |
|
|
|a Dhaka :
|b Bangladesh Rural Advancement Committee,
|c 1990.
|
| 300 |
|
|
|a 11 pages :
|b illustrations ;
|c 28 cm.
|
| 541 |
|
|
|a Complimentary copy from BRAC
|e 30604
|
| 650 |
|
|
|a Poultry
|x Housing
|x Equipment and supplies.
|9 17118
|
| 710 |
|
|
|a BRAC
|9 17119
|
| 852 |
|
|
|a Ayesha Abed Library
|c BRAC Resource Section
|
| 942 |
|
|
|2 ddc
|c BK
|
| 999 |
|
|
|c 36496
|d 36496
|
| 952 |
|
|
|0 0
|1 0
|2 ddc
|4 0
|6 631_200000000000000_BRA
|7 1
|9 57455
|a BRACUL
|b BRACUL
|c BRS
|d 2015-12-31
|e Complimentary copy from BRAC
|l 0
|o 631.2 BRA
|p 3010030604
|r 2015-12-31
|t 1
|w 2015-12-31
|y BK
|x Complimentary copy from BRAC; Price not available in register.
|